000 00402nam a22001697a 4500
003 koha_MIRAKIL
005 20231213095809.0
008 231213b |||||||| |||| 00| 0 ||| d
040 _aTR-IsEVY
_btur
_cTR-IsEVY
082 _a813.42 ÜNA/D
100 _aRuşen Eşref Ünaydin.
245 0 _aDiyorlar ki.
260 _b[s.n.],
_c1985
300 _a[ ] p.
650 _aEdebiyat.
942 _2ddc
_cBK
999 _c9585
_d9585